00377nam a2200133 a 45000010010000000030011000100080041000210350026000620820017000881000019001052450064001242600036001886500019002240000-8988ELIB.Books110520 1980  a(ELIB.Books)0000-9137 a270.82 bArr aArruda, Marcos aTransnational Corporations Technology and Human Development bGeneva: WCC Publications c1980 aChurch History